Countries Closest to Jordan - One Minute Sprint - Statistics

General Stats
  • This quiz has been taken 60 times
  • The average score is 15 of 21
Answer Stats
km country miles % Correct
0 Iraq 0
98%
0 Israel 0
98%
0 Saudi Arabia 0
98%
342 Turkey 213
96%
7 Egypt 4
94%
0 Syria 0
94%
601 Iran 374
92%
45 Lebanon 28
88%
291 Cyprus 181
80%
776 Kuwait 482
80%
1269 Bahrain 788
72%
673 Greece 418
70%
937 Georgia 582
66%
887 Armenia 551
62%
868 Azerbaijan 539
60%
802 Sudan 499
58%
971 Libya 603
54%
0 Palestine 0
46%
1233 Bulgaria 766
40%
1122 Russia 697
34%
1269 Eritrea 788
26%
No matching quizzes found
Score Distribution
Percent of People with Each Score
Percentile by Number Answered
Your Score History
You have not taken this quiz